000 00889nam a2200253 4500
001 174909
003 ES-MaACL
005 20230906215705.0
008 100629s1913 fr g |||| | fre d
080 _a78.085.321
100 1 _aDoloire, E.
_9143174
245 1 3 _aLe Dernier tango [
_hmúsica impresa] /
_cparoles de A. Fourcher ; musique de E. Doloire.
246 3 _aLe dernier tango
_b: chanson argentine
260 _aParis :
_bH. Delormel,
_c[1913]
300 _a[4] p. :
_bil., partitura ;
_c27 cm.
490 1 _aRépertoire Georgel
598 _a"Les grands succes du chanteur populaire Georgel"
650 4 _aTangos.
_9143176
650 0 4 _aCanciones-
_vPartituras.
_910721
650 4 _aMúsica popular-
_zFrancia.
_9141241
830 0 _aRépertoire Georgel
_9223811
852 4 _aES-MaACL
_j2279-F-13
_z. - Biblioteca Jacinto Martínez Lacalle
999 _c174909
_d174909